Φορτώνει......
Prey
| Κύριος συγγραφέας: | |
|---|---|
| Μορφή: | Printed Book |
| Γλώσσα: | Undetermined |
| Έκδοση: |
NewDelhi
Harpercollins Publishers India
2004
|
| LEADER | 00502nam a2200157Ia 4500 | ||
|---|---|---|---|
| 008 | 140316s9999 xx 000 0 und d | ||
| 020 | |a 0143029827 | ||
| 082 | |a 824 |b CRI/PR | ||
| 100 | |a Crichton,Michael | ||
| 245 | |a Prey | ||
| 260 | |a NewDelhi |b Harpercollins Publishers India |c 2004 | ||
| 300 | |a 368 | ||
| 650 | |||
| 942 | |2 ddc |c BK | ||
| 999 | |c 4860 |d 4860 | ||
| 952 | |0 0 |1 0 |2 ddc |4 0 |6 824_000000000000000_CRIPR |7 0 |9 5850 |a KAUCLV |b KAUCLV |c GENERAL |d 2014-03-18 |l 2 |o 824 CRI/PR |p 211118 |r 2014-10-28 |s 2014-10-25 |w 2014-03-18 |y BK | ||